| 000 | 00678cab a2200229 4500 | ||
|---|---|---|---|
| 001 | ABS38765 | ||
| 008 | 090401t1988 xxu||||| |||| 00| 0 eng d | ||
| 035 | _a(Sirsi) u12302 | ||
| 041 | _aeng | ||
| 100 | _aCunningham, M. | ||
| 245 | 2 | _aA good estimate | |
| 260 | _c1988 | ||
| 350 | _a0 | ||
| 490 |
_aBuilding _v253(7536) 26 February 1988, 60-61(2) |
||
| 520 | _aReviews the following estimating software packages for contractors : Manifest , Conquest , Techsonix , Prestige Data Systems and CATO . | ||
| 650 | _aBUILDING INDUSTRY | ||
| 650 | _aCOMPUTERS | ||
| 690 | _aBUILDING AND CONSTRUCTION-COMPUTERS | ||
| 700 | _aAtkin, B. | ||
| 942 | _n0 | ||
| 948 | _c04/03/1997 | ||
| 999 |
_c7871 _d7871 |
||